000 00269nam a22001217a 4500
008 170622b xxu||||| |||| 00| 0 eng d
041 _aeng
080 _a32
100 _a21
101 _aSHP
245 _aSTRESS AND POLICY PERSONEL
_cTERRITO.L
942 _2udc
_cBK
999 _c18768
_d18768